000 00734nam a2200253 i 4500
001 C2-0265623
003 PPAK
005 20180727233530.0
008 050705s2005 my |||| ||||| | may d
020 _a967700834X
040 _aPPAK
_beng
_cPPAK
_erda
082 0 4 _a354.595
_223
090 0 0 _a354.595
_bMAL
_dR
110 2 _aMalaysia
245 0 0 _aPekeliling Kemajuan Pentadbiran Awam 1991-2005 :
_bsemua pindaan hingga Mei, 2005
264 1 _aKuala Lumpur :
_bMDC Publishers ,
_c2005
300 _avi, 682 pages ;
_c26 cm
336 _2rdacontent
_atext
337 _2rdamedia
_aunmediated
338 _2rdacarrier
_avolume
650 1 0 _aPublic administration - Malaysia
710 2 _aMalaysia
_eorganizer
942 _ddc
_cB
999 _c75124
_d75124